Statistics for 500 Logo Quiz

Click here to take the quiz!

General Stats

  • This quiz has been taken 261 times
  • The average score is 194 of 500

Answer Stats

Answer% Correct
Shell
93%
Starbucks
93%
Pepsi
91%
Apple
90%
Adidas
89%
Amazon
89%
Monster
89%
Wikipedia
89%
Lego
88%
Google
87%
Taco Bell
87%
KFC
86%
Pizza Hut
86%
PlayStation
86%
Puma
86%
Twitter
86%
Pringles
85%
Burger King
84%
Coca-Cola
84%
Facebook
84%
Firefox
84%
Ikea
84%
Microsoft
84%
Red Bull
84%
Spotify
84%
McDonalds
83%
Snickers
83%
Instagram
82%
Snapchat
82%
Dove
80%
Lays
80%
Tesla
80%
Visa
80%
Gmail
79%
Nintendo
79%
Target
79%
Toyota
79%
Gucci
78%
JetPunk
78%
Sprite
78%
LG
77%
Mastercard
77%
Netflix
77%
Subway
77%
YouTube
77%
Ford
76%
Samsung
76%
Wendys
76%
Louis Vuitton
75%
Nike
75%
Audi
74%
BMW
74%
Honda
74%
Marvel
73%
Doritos
72%
Lipton
72%
PayPal
72%
Jaguar
71%
UPS
71%
Walmart
71%
Bic
70%
United States
70%
Volkswagen
70%
Yahoo
70%
Chanel
69%
Mercedes
69%
Barbie
68%
Domino's
68%
Dunkin' Donuts
68%
Beats
67%
BP
67%
Gatorade
67%
Monopoly
67%
Superman
67%
BBC
66%
Ferrari
66%
Hyundai
66%
Intel
66%
Toy Story
66%
Batman
65%
Dell
65%
Skype
65%
Android
64%
Chevrolet
64%
Dreamworks
64%
Nissan
64%
The North Face
64%
Word
64%
Excel
63%
Best Buy
62%
Harley-Davidson
62%
Internet Explorer
62%
Nestle
62%
Pinterest
62%
Beauty and the Beast
61%
Dolby
61%
Harry Potter
61%
Heineken
61%
Hello Kitty
61%
Kit Kat
61%
Mountain Dew
61%
NASA
61%
Safari
61%
Bluetooth
60%
Lacoste
60%
AT&T
59%
FedEx
59%
Fila
59%
Ghostbusters
59%
Levi
59%
Olympics
59%
Reddit
59%
Skittles
59%
T-Mobile
59%
Twix
59%
Cartoon Network
58%
New Balance
58%
Air Jordan
57%
Fanta
57%
Los Angeles Lakers
57%
Ray-Ban
57%
Chicago Bulls
56%
Jurassic Park
56%
Lamborghini
56%
Nerf
56%
Pampers
56%
American Airlines
55%
Finding Nemo
55%
Fruit of the Loom
55%
IBM
55%
Lexus
55%
Mazda
55%
Mini
55%
Moana
55%
NBC
55%
Aladdin
54%
Subaru
54%
Subaru
54%
Michelin
53%
Motorola
53%
Paramount
53%
Toblerone
53%
PowerPoint
52%
Rolex
52%
Tide
52%
Under Armour
52%
Fiat
51%
Knorr
51%
Reese's
51%
Skoda
51%
The Incredibles
51%
Blockbuster
50%
Cars
50%
Dodge
50%
National Geographic
50%
Alfa Romeo
49%
Bentley
49%
Colgate
49%
Converse
49%
CostCo
49%
Monsters Inc
49%
The Avengers
49%
Virgin
49%
Wilson
49%
Hershey's
48%
iTunes
48%
Tiffany
48%
Volvo
48%
Champion
47%
Dr Pepper
47%
Gap
47%
Manchester United
46%
Mattel
46%
Mr. Clean
46%
The New York Times
46%
WWF
46%
Breaking Bad
45%
Jif
45%
Kodak
45%
Miami Dolphins
45%
Sony
45%
Sweden
45%
Tottenham Hotspur
45%
Turkey
45%
CBS
44%
Carolina Panthers
43%
Chelsea
43%
Florida Panthers
43%
LinkedIn
43%
Opel
43%
Verizon
43%
Dole
42%
Germany
42%
Google Doc
42%
Italy
42%
SEAT
42%
The Hunger Games
42%
Umbro
42%
Arsenal
41%
Greece
41%
Hertz
41%
Home Alone
41%
Infiniti
41%
Smarties
41%
Schweppes
40%
Arby's
39%
Blu-ray
39%
Brooklyn Nine-Nine
39%
Chevron
39%
In-N-Out
39%
Kraft
39%
Sega
39%
Yamaha
39%
Lufthansa
38%
New York Rangers
38%
Rangers
38%
Spain
38%
Texas Rangers
38%
The Godfather
38%
Air China
37%
Australia
37%
Belgium
37%
Big Boy
37%
Brazil
36%
Cadbury
36%
DC Comics
36%
France
36%
Miami Heat
36%
New England Patriots
36%
Portugal
36%
San Jose Sharks
36%
Washington Wizards
36%
Arizona
35%
Arizona
35%
Dior
35%
England
35%
ING
35%
South Africa
35%
Bacardi
34%
Detroit Lions
34%
Gerber
34%
Michigan
34%
Mulan
34%
Photoshop
34%
Soundcloud
34%
Air Canada
33%
Celtic
33%
Arm & Hammer
32%
Boston Red Sox
32%
Golden State Warriors
32%
Goodyear
32%
Guess
32%
Oakland Athletics
32%
Panda Express
32%
Peru
32%
Pittsburgh Penguins
32%
Sonic
32%
Tesco
32%
Vodafone
32%
Yale
32%
Atlanta Hawks
31%
Cheerios
31%
Corvette
31%
Seinfeld
31%
Donkey Kong
30%
Emirates
30%
Everton
30%
Jacksonville Jaguars
30%
Memphis Grizzlies
30%
Netherlands
30%
Quaker Oats
30%
Russia
30%
Sunkist
30%
Texas
30%
Bolt
29%
Doom
29%
Google Meet
29%
Indiana
29%
Indiana Pacers
29%
Klondike
29%
San Antonio Spurs
29%
Tostitos
29%
Zootopia
29%
Brooklyn Nets
28%
Chicago Bears
28%
Crystal Palace
28%
Dairy Queen
28%
Harvard
28%
Houston Rockets
28%
Lincoln
28%
Los Angeles Kings
28%
Lululemon
28%
New York Giants
28%
New York Yankees
28%
Payday
28%
Phoenix Suns
28%
Qantas
28%
Rocket League
28%
Sacramento Kings
28%
Swarovski
28%
Top Gun
28%
Utah Jazz
28%
Waffle House
28%
Acura
27%
Jelly Belly
27%
Patagonia
27%
Barclays
26%
Brighton & Hove Albion
26%
Chicago Cubs
26%
Los Angeles Clippers
26%
Miami
26%
New York Knicks
26%
Panera Bread
26%
Pittsburgh Pirates
26%
San Francisco Giants
26%
Timberland
26%
Boston Bruins
25%
Crush
25%
Hotel Transylvania
25%
Jack in the Box
25%
New York Mets
25%
Watford
25%
A Clockwork Orange
24%
Baltimore Ravens
24%
Buffalo Bills
24%
Dallas Cowboys
24%
Dallas Mavericks
24%
Exxon
24%
Kansas
24%
Kentucky
24%
KLM
24%
Las Vegas Raiders
24%
North Carolina
24%
Orlando Magic
24%
Portland Trail Blazers
24%
Soul
24%
Toronto Maple Leafs
24%
Tumblr
24%
Washington
24%
Washington Commanders
24%
Winnipeg Jets
24%
Wizards of Waverly Place
24%
York
24%
Dallas Stars
23%
Detroit Red Wings
23%
Japan Airlines
23%
Oklahoma City Thunder
23%
Prada
23%
South Carolina
23%
Swiss Airlines
23%
Utah
23%
Alabama
22%
American Express
22%
Atlanta Falcons
22%
Cleveland Browns
22%
Denver Nuggets
22%
Detroit Pistons
22%
Georgia
22%
Hoover
22%
Kansas City Chiefs
22%
Los Angeles Chargers
22%
Miami Marlins
22%
New Orleans Saints
22%
Oregon
22%
Seattle Seahawks
22%
Southampton
22%
Tampa Bay Lightning
22%
Tennessee Titans
22%
Toronto Blue Jays
22%
Uruguay
22%
V for Vendetta
22%
Google Slides
21%
Iowa State
21%
London Underground
21%
Los Angeles Rams
21%
Oklahoma
21%
Snapple
21%
Tootsie Roll
21%
Whoppers
21%
Wisconsin
21%
AOL
20%
Arizona Coyotes
20%
Brentford
20%
Calgary Flames
20%
Los Angeles Angels
20%
Minnesota Wild
20%
Mortal Kombat
20%
Skyrim
20%
Stanford
20%
St. Louis Blues
20%
Swansea City
20%
WandaVision
20%
Whataburger
20%
Chicago Blackhawks
19%
Houston Astros
19%
Houston Texans
19%
Illinois
19%
Minnesota
19%
New York Islanders
19%
Buffalo Sabres
18%
Carhartt
18%
Cinderella
18%
Hawaii
18%
Hull City
18%
Korean Air
18%
Lemonheads
18%
Maryland
18%
Morton's
18%
Ms. Pac-Man
18%
Rutgers
18%
Seattle Kraken
18%
Tennessee
18%
Texas A&M
18%
Turkish Airlines
18%
Vegas Golden Knights
18%
Washington Capitals
18%
West Virginia
18%
Arizona Diamondbacks
17%
Hangouts
17%
Los Angeles Dodgers
17%
Oxford United
17%
Sheffield United
17%
Tampa Bay Rays
17%
Access
16%
Duke
16%
Ecuador
16%
Georgia Tech
16%
Kansas City Royals
16%
Nebraska
16%
Notre Dame
16%
San Diego Padres
16%
Scion
16%
South African Airways
16%
Syracuse
16%
Virginia Tech
16%
Chick-Fill-A
15%
Half-life
15%
Princeton
15%
Tivo
15%
Washington Nationals
15%
Adobe Acrobat
14%
Atlanta Braves
14%
Barq's
14%
Baylor
14%
Cardiff City
14%
Chicago White Sox
14%
Colorado
14%
Colorado Rockies
14%
Google Forms
14%
Sierra Mist
14%
Xavier
14%
AFC Wimbledon
13%
Arizona State
13%
Minnesota Twins
13%
Oklahoma State
13%
Purdue
13%
Texas Tech
13%
USC
13%
Auburn
12%
British Airlines
12%
Iberia
12%
Luca
12%
Milwaukee Brewers
12%
Texas Christian
12%
Central Florida
11%
Charlton Athletic
11%
Clemson
11%
Mississippi State
11%
Starter
11%
Temple
11%
Vanderbilt
11%
Villanova
11%
Florida State
10%
Northwestern
10%
Thai Airways
10%
The Princess and the Frog
10%
Air New Zealand
9%
BYU
9%
Crunchyroll
9%
Illustrator
9%
Kangol
9%
AOL Instant Messenger
8%
Costa Coffee
8%
Olay
8%
Onward
7%
Port Vale
7%
University of Houston
7%
Vietnam
7%
Boise State
6%
Marquette
6%
Scunthorpe United
6%
Google Keep
5%
Cal State LA
4%
Collegeboard
4%
Gears of Wars
4%
The Legend of Zelda: Breath of the Wild
4%
Maze Runner
3%
Prezi
2%
Green Bay Parkers
1%
Ipswitch Town
1%

Score Distribution

Percentile by Number Answered

Percent of People with Each Score

Your Score History

You have not taken this quiz